000 00453nam a2200169Ia 4500
003 GCL
008 140319s9999 xx 000 0 eng d
040 _aGCL /
_cGCL
082 0 4 _a337
_bK I
100 1 _aKENEN, PETER B.
245 1 0 _aTHE INTERNATIONAL ECONOMY , 3RD ED /
_cKENEN, PETER B.
260 _a[S.N] :
_bCAMBRIBGE UNIVERSITY PRESS ،
_c1994
300 _a620 P
650 0 4 _aINTERNATIONAL ECONOMY
650 0 4 _aECONOMICS
942 _2ddc
_cBK
999 _c20806
_d20806